000 00979nam a22002417a 4500
001 81825
003 BD-RjUL
005 20230831164358.0
008 230831s2021 bg a|||| m||| 00| 0 eng d
035 _a(BD-RjUL)81825
040 _aBD-RjUL
_beng
_cBD-RjUL
_dBD-RjUL
041 _aeng
082 _223
_a305.2340954924
_bMAI 2021
100 _aMannan, Md. Abdul
_93542
245 1 0 _aInfluence of ataraxia on drop out among secondary school children :
_b A psycho-social study in Naogaon District /
_cSubmitted by Md. Abdul Mannan ;
_6Supervisor : Md. Fakrul Islam
260 _aRajshahi :
_bInstitute of Education and Research, University of Rajshahi,
_c2021
300 _axxiii, 142 leaves :
_bill, ;
_c29.cm.
502 _aThesis (Ph. D.) -- Institute of Education and Research, University of Rajshahi, 2021
504 _aReferences : Leaves 138 -142
650 _aSchool children
_vGroups of people
_98722
700 _aIslam, Md. Fakrul, Supervisor
_91395
942 _2ddc
_cTHE
999 _c81825
_d81825